[Event "Muensterland Verbandsklasse-B 1011"]
[Site "Germany"]
[Date "2011.04.09"]
[Round "9.6"]
[White "Zachert, Klaus"]
[Black "Miemietz, Carsten"]
[Result "0-1"]
[WhiteElo "1429"]
[BlackElo "1744"]
[PlyCount "46"]
[EventDate "2010.09.18"]
[EventType "team-tourn"]
[EventRounds "9"]
[EventCountry "GER"]
[SourceTitle "EXT 2012"]
[Source "ChessBase"]
[SourceDate "2011.11.24"]
[SourceVersion "1"]
[SourceVersionDate "2011.11.24"]
[SourceQuality "1"]
[WhiteTeam "Westerkappeln"]
[BlackTeam "Muenster SK IV"]
[WhiteTeamCountry "GER"]
[BlackTeamCountry "GER"]

1. e4 c5 2. Nc3 Nc6 3. Nf3 e6 4. d4 cxd4 5. Nxd4 a6 6. a3 Nf6 7. Bg5 Be7 8. Bd3 Nxd4 9. 0-0 Nc6 10. Re1 0-0 11. Qd2 Ne5 12. Bf4 Nxd3 13. Qxd3 d6 14. Rad1 Qb6 15. Rb1 Qc6 16. Bg5 b5 17. Qg3 Nh5 18. Qg4 Bxg5 19. Qxg5 Nf6 20. Re3 h6 21. Qh4 Qc5 22. Rg3 Kh7 23. Qf4 Nh5 0-1

[Event "Muensterland Verbandsklasse-B 0708"]
[Site "Germany"]
[Date "2008.01.26"]
[Round "5.8"]
[White "Zachert, Klaus"]
[Black "Janz, Stefan"]
[Result "0-1"]
[WhiteElo "1384"]
[BlackElo "1773"]
[PlyCount "68"]
[EventDate "2007.09.15"]
[EventType "team"]
[EventRounds "9"]
[EventCountry "GER"]
[SourceTitle "EXT 2009"]
[Source "ChessBase"]
[SourceDate "2008.11.26"]
[SourceVersion "1"]
[SourceVersionDate "2008.11.26"]
[SourceQuality "1"]
[WhiteTeam "Westerkappeln"]
[BlackTeam "Sendenhorst"]
[WhiteTeamCountry "GER"]
[BlackTeamCountry "GER"]

1. e4 c6 2. Nc3 e5 3. d4 exd4 4. Qxd4 d6 5. Bf4 Qf6 6. e5 dxe5 7. Bxe5 Qe7 8. 0-0-0 f6 9. Bg3 Be6 10. Nf3 Nd7 11. Bc4 Bxc4 12. Qxc4 0-0-0 13. Qf4 Ne5 14. Rxd8+ Kxd8 15. Nxe5 fxe5 16. Rd1+ Kc7 17. Qxe5+ Qxe5 18. Bxe5+ Kc8 19. Ne4 Nh6 20. h3 Rg8 21. Ng5 Be7 22. Ne6 g6 23. g4 Nf7 24. Bd4 b6 25. f4 Nd6 26. Be5 Ne4 27. Nd4 Kb7 28. Nf3 Rd8 29. Rxd8 Bxd8 30. c4 Nf2 31. h4 Nxg4 32. Ng5 h6 33. Nf7 Bxh4 34. Bg7 Bg3 0-1

[Event "Steinfurt Bezirksklasse 0203"]
[Site "Germany"]
[Date "2003.02.15"]
[Round "5.2"]
[White "Krueler, Andreas"]
[Black "Zachert, Klaus"]
[Result "1/2-1/2"]
[WhiteElo "1253"]
[BlackElo "1490"]
[PlyCount "103"]
[EventDate "2002.09.28"]
[EventType "team-tourn"]
[EventRounds "7"]
[EventCountry "GER"]
[SourceTitle "EXT 2005"]
[Source "ChessBase"]
[SourceDate "2004.11.15"]
[SourceVersion "1"]
[SourceVersionDate "2004.11.15"]
[SourceQuality "1"]
[WhiteTeam "Steinfurt IV"]
[BlackTeam "Westerkappeln II"]
[WhiteTeamCountry "GER"]
[BlackTeamCountry "GER"]

1. e4 e5 2. Bc4 Bc5 3. c3 d6 4. Qb3 Qf6 5. Nf3 Bb6 6. d3 h6 7. 0-0 Be6 8. Be3 Bxc4 9. Qxc4 Nc6 10. Nbd2 Nge7 11. b4 Qe6 12. Qxe6 fxe6 13. Bxb6 axb6 14. a4 g5 15. b5 Nd8 16. d4 exd4 17. cxd4 Nf7 18. Rfc1 c6 19. Nc4 Nc8 20. d5 exd5 21. exd5 c5 22. Re1+ Kd7 23. Re6 Re8 24. Rxe8 Kxe8 25. Re1+ Kd7 26. Nb2 Ne7 27. Rd1 Re8 28. Nc4 Nc8 29. Ne3 Re4 30. Ra1 Ne5 31. Nxe5+ Rxe5 32. Ng4 Rxd5 33. Nxh6 Ne7 34. f3 Re5 35. Ng4 Re6 36. Rd1 d5 37. Kf2 d4 38. Re1 Rxe1 39. Kxe1 Ke6 40. Nf2 c4 41. Kd2 Nf5 42. Ne4 Nh4 43. Nxg5+ Kf5 44. Ne4 Ke5 45. Kc2 Nxg2 46. Nd2 c3 47. Nc4+ Kf4 48. Nxb6 Ne1+ 49. Kc1 Ke3 50. Nd5+ Ke2 51. Nxc3+ dxc3 52. a5 1/2-1/2